000 00577nam a2200241Ia 4500
003 OSt
005 20221005130620.0
006 a|||||r|||| 00| 0
007 ta
008 221004b |||||||| |||| 00| 0 eng d
024 _a66721
037 _cTextual
040 _aCRL
_cCRL
_beng
041 _2eng
_aeng
082 _aV58:17:N5, J3
100 _aSwarup R
245 0 _aRussian imperialism
_b How to stop it ?
250 _a2nd
260 _c1953
650 _aHISTORY
942 _hV58:17:N5, J3
_cTEXL
_2cc
999 _c1057803
_d1057803